| 000 | 01481nam a22003977a 4500 | ||
|---|---|---|---|
| 003 | CHAP | ||
| 005 | 20220329143245.0 | ||
| 008 | 071018s2007 mx b r 00010 spa d | ||
| 010 | _a94062 | ||
| 011 | _a95034 | ||
| 035 | _a105637 | ||
| 040 | _cCHAP | ||
| 090 | _aTesis | ||
| 100 | 1 |
_aZambrano Villa, María de Jesús. _9123496 |
|
| 245 | 1 | 0 |
_aModelación hidrodinámica del acuífero Casas Grandes, Chihuahua _c/por María de Jesús Zambrano Villa |
| 260 |
_aChapingo, Méx. : _bEl autor, _c2007 |
||
| 502 | _aTesis (Ing. en Irrigación) -- UACH. Departamento de Irrigación | ||
| 530 | _aTambién disponible en línea | ||
| 590 |
_aALEPH _b10 _c20130110 _lUCH01 _h1519 |
||
| 590 |
_aBATCH-UPD _b10 _c20130110 _lUCH01 _h1956 |
||
| 590 |
_aBATCH-UPD _b10 _c20130410 _lUCH01 _h1317 |
||
| 590 |
_aBATCH-UPD _b10 _c20130914 _lUCH01 _h1614 |
||
| 590 |
_aBATCH-UPD _b10 _c20140324 _lUCH01 _h1504 |
||
| 590 |
_aBATCH-UPD _b10 _c20141002 _lUCH01 _h0834 |
||
| 590 |
_aCONVERSION _b10 _c20130109 _lUCH01 _h1352 |
||
| 650 | 1 | 4 |
_aAgua subterranea _zChihuahua. _92486 |
| 650 | 1 | 4 |
_aAgua _xAprovechamiento. _92282 |
| 650 | 1 | 4 |
_aAgua _xAprovechamiento _zChihuahua. _92308 |
| 650 | 1 | 4 |
_aHidrodinámica. _955233 |
| 856 |
_3Finding aid _uhttp://10.13.5.2/tesis/105637.pdf _zTeclea aqui |
||
| 901 | _aBK | ||
| 905 | _aMayto Villalobos Santana | ||
| 942 | _cFOLL | ||
| 949 |
_aTesis _bBC _cTES _d33724002022678 _eTS1 _h47106 _i105637 _sb |
||
| 949 |
_aTesis _bBC _cTES _d33724002022710 _eTS2 _fc.2 _h47107 _i105637 _sb |
||
| 999 |
_c94062 _d94062 |
||